| 000 | 01567nam a22003617a 4500 | ||
|---|---|---|---|
| 003 | DO-SdBNP | ||
| 005 | 20240917092314.0 | ||
| 008 | 240905b |||||||| |||| 00| 0 spa d | ||
| 020 | _c978-9945-80-142-2 | ||
| 040 |
_aDO-SdBNP _bspa _cBNPHU _erda |
||
| 082 | 4 |
_a793.3197293 _bT266d _222 |
|
| 100 | 1 |
_aTejeda, Darío, _92540 |
|
| 240 | 1 |
_aA pasión danzaría. _lPortuguês |
|
| 245 | 1 | 2 |
_aA paixão pela dança / _cDiario Tejeda ; prefacio, Paul Austerlitz ; traducción, Renan Branco Ruiz, Laurisabel María de Ana da Silva, Antonio Carlos Araújo Ribeiro Junior |
| 250 | _aPrimera edición | ||
| 264 | 1 |
_aRepública Dominicana : _bINEC, Atlantis Press, _c2024 |
|
| 300 |
_a250 p. : _bilustraciones, _c23 cm. |
||
| 336 |
_2rdacontent _ardacontent _btxt |
||
| 337 |
_2rdamedia _asin mediación _bn |
||
| 338 |
_2rdacarrier _avolumen _bnc |
||
| 500 | _aIncluye referencias bibliográficas y notas al pie de las páginas | ||
| 504 | _aBibliografía: p. 229-250 | ||
| 600 | 1 | 7 |
_aGuera, Juan Luíz Guerra _d1957- _xCrítica e interpretación _986532 |
| 650 | 7 |
_aMúsica popular dominicana _xHistoria _913134 |
|
| 650 | 7 |
_aMúsica popular caribeña _xHistoria _986533 |
|
| 650 | 7 |
_aBachata (Música) _zRepública Dominicana _954210 |
|
| 650 | 7 |
_aMerengue (Música) _zRepública Dominicana _91324 |
|
| 700 | 1 |
_a Austerlitz, Paul, _eprologuista _91315 |
|
| 700 | 1 |
_a Ruiz, Renan Branco _etracdutor _986546 |
|
| 700 | 1 |
_a Silva, Laurisabel María de Ana da _etracdutor _986547 |
|
| 700 | 1 |
_aRibeiro Junior, Antonio Carlos Araújo, _etraductor _986548 |
|
| 942 |
_2ddc _cLBS1 |
||
| 999 |
_c57638 _d57638 |
||